All Bruno Mars Songs - Statistics

General Stats
  • This quiz has been taken 59 times
  • The average score is 29 of 60
Answer Stats
Answer % Correct
24K Magic
93%
Versace on the Floor
85%
Leave The Door Open
80%
Risk it All
80%
Grenade
78%
Finesse
73%
Just the Way You Are
73%
Cha Cha Cha
70%
Die With A Smile
70%
I Just Might
70%
Locked out of Heaven
70%
Treasure
68%
Count on Me
65%
The Lazy Song
65%
APT.
63%
Gorilla
63%
Perm
63%
Chunky
60%
Talking to the Moon
60%
777
58%
Dance With Me
58%
It Will Rain
58%
Marry You
58%
When I Was Your Man
58%
Smoking Out The Window
55%
Why You Wanna Fight?
53%
God Was Showing Off
50%
Skate
50%
On My Soul
48%
Runaway Baby
48%
Uptown Funk
48%
Calling All My Lovelies
45%
Liquor Store Blues
45%
Nothing Left
43%
Something Serious
43%
Natalie
40%
Silk Sonic Intro
40%
Young Girls
40%
Fly As Me
38%
If I Knew
38%
Put On A Smile
38%
Straight up & Down
38%
Too Good to Say Goodbye
38%
After Last Night
35%
Please Me
35%
Love's Train
33%
Blast Off
30%
Fat Juicy & Wet
30%
Our First Time
30%
The Other Side
30%
Money Make Her Smile
28%
Moonshine
28%
Nothin' on You
28%
Show Me
28%
Wake Up in the Sky
28%
BLOW
25%
Billionare
13%
Somewhere in Brooklin
3%
Talking to the Moon - Acoustic
0%
Thtat's What I Like
0%
No matching quizzes found
Score Distribution
Percent of People with Each Score
Percentile by Number Answered
Your Score History
You have not taken this quiz